Canstruction: Children's Literature Quiz Stats

 Plays Quiz Updated Jun 4, 2015

Challenge
Share
Tweet
Score 0/12 Timer 03:00
2 Plays Today
Hint Answer % Correct
Winnie the Pooh
90.4%
The Cat in the Hat
88.3%
Curious George
85.2%
Humpty Dumpty
84.4%
Cheshire Cat
83%
Clifford the Big Red Dog
82.7%
Harry Potter
75.3%
Hunger Games
71.5%
The Lorax
70.4%
The Very Hungry Caterpillar
49.7%
Paul Bunyan and Babe the Blue Ox
48.8%
James and the Giant Peach
43.3%

You're not logged in!

Compare scores with friends on all Sporcle quizzes.
OR
Log In

You Might Also Like...

Show Comments

Extras

Top Quizzes Today


Score Distribution

Your Account Isn't Verified!

In order to create a playlist on Sporcle, you need to verify the email address you used during registration. Go to your Sporcle Settings to finish the process.

Report this User

Report this user for behavior that violates our Community Guidelines.

Details: